Culture Générale - Série 2433 - Statistiques

Statistiques générales
  • Ce quiz a été pris 158 fois
  • Le résultat moyen est 5 sur 10
Statistiques - réponses
Question Réponse % Correct
De quel pays a fait partie la Bosnie-Herzégovine de1946 à 1990 ? Yougoslavie
94%
Dans quel état américain se trouve la ville de Miami ? Floride
92%
De quel roman d'Albert Camus Meursault est-il le personnage principal ? l'étranger
71%
Quel nom porte le renne au Canada ? caribou
70%
Qu'est-ce qu'est l'époisses que l'on peut déguster en Bourgogne ? fromage
66%
Dans quelle ville du Vaucluse ont lieu chaque année les célèbres Chorégies ? Orange
44%
Sous quel pseudonyme Annie Chancel est-elle plus connue ? Sheila
43%
Sous quels prénom et nom Lev Davidovitch Bronstein est-il plus connu (1879-1940) ? Léon Trotski
15%
Quel est le nom du Colonel ennemi des héros de BD Blake & Mortimer ? Olrik
11%
Gros bovidé vivant en Asie du Sud-Est également nommé gayal, surtout quand il est domestiqué - 4 lettres - voir photo gaur
1%
Aucun quiz correspondant
Distribution des résultats
% des personnes avec chaque résultat
Percentile par nombre de réponses
Votre historique - résultats
Vous n’avez pas pris ce quiz